• 首页
  • 本馆介绍
  • 公告通知
  • 最新文献
  • 馆藏检索
  • 电子资源
  • 读者导购
  • 参考咨询
  • 我的图书馆
  • 登录
  • 详细信息显示
  • 放入我的书架
  • 预约/预借图书
  • 作者相关作品
  • 分类相关作品
  • 丛书相关作品
  • 出版社相关作品

书目信息

  • 表格格式
  • 工作单格式
  • 卡片格式
题名:
中学英语教师手册
    
 
作者: 孙万彪 著
分册:  
出版信息: 西安   陕西人民出版社  1981
页数: 337页
开本: 19cm
丛书名:
单 册:
中图分类: H316
科图分类:
主题词: 英语--词典
电子资源:
ISBN:
000 00632nam0 2200229 45
001 0181009312
005 20050414144254.5
010    @dCNY0.90
091    @a9094.5
100    @a19950614d1981 em y0chiy0121 ea
101 0  @achi
102    @aCN@b610000
105    @ay z 000yy
200 10 @a中学英语教师手册@Azhong xue ying yu jiao shi shou ce@f孙万彪著@FSun Wan Biao Zhu
210    @a西安@c陕西人民出版社@d1981
215    @a337页@d19cm
606 0  @a英语@x词典
690    @aH316@v3
701  0 @a孙万彪@4著
801  0 @aCN@b上海图书馆@c20050414
801  2 @aCN@bNLC@c20050414
905    @f1@b57119@dH316@e185@b57120@f1@f1@b57113
    
    中学英语教师手册/孙万彪著.-西安:陕西人民出版社,1981
    337页;19cm
    
    
    ISBN :CNY0.90
    
●
相关链接 在E读中查询图书 在五车中查询图书 在当当中查询图书 在豆瓣中查询图书


正题名:中学英语教师手册     索取号:G633.41/165         预约/预借

序号 登录号 条形码 馆藏地/架位号 状态 备注
1 0057113   000876797   密集书库/ [索取号:G633.41/165] 在馆    
2 0057114   000876822   密集书库/ [索取号:G633.41/165] 在馆    
3 0057115   000876831   密集书库/ [索取号:G633.41/165] 在馆    
4 0057116   000876779   密集书库/ [索取号:G633.41/165] 在馆    
5 0057118   000876751   密集书库/ [索取号:G633.41/165] 在馆    
6 0057119   000876742   密集书库/ [索取号:G633.41/165] 在馆    
7 0057120   000876733   密集书库/ [索取号:G633.41/165] 在馆    
8 0057121   000876788   密集书库/ [索取号:G633.41/165] 在馆    
9 0057122   000876804   密集书库/ [索取号:G633.41/165] 在馆    
唐山师范学院图书馆 欢迎您!
大连网信软件有限公司© 版权所有